| 000 | 00363 a2200109 4500 | ||
|---|---|---|---|
| 001 | ART_47043 | ||
| 005 | 20260410162013.0 | ||
| 008 | 260409a | ||
| 245 | 1 | 0 | _aEl análisis económico en el procedimiento administrativo |
| 100 | 1 | _aBalbín, Carlos Francisco | |
| 773 | 0 |
_tTemas de derecho administrativo _g- Año 3, N° 8 (ago. 2018) _wREV40468 |
|
| 999 |
_c32409 _d32409 |
||